Focus on mediation (Record no. 103484)

MARC details
000 -LEADER
fixed length control field 01338cam a2200349 4500
001 - CONTROL NUMBER
control field J125862
008 - FIXED-LENGTH DATA ELEMENTS--GENERAL INFORMATION
fixed length control field 040419n2004 000 0 eng u
035 ## - SYSTEM CONTROL NUMBER
System control number (Sirsi) u125862
041 ## - LANGUAGE CODE
Language code of text/sound track or separate title eng
050 ## - LIBRARY OF CONGRESS CALL NUMBER
Classification number 347.4107
-- 18
100 ## - MAIN ENTRY--PERSONAL NAME
Personal name Bucklow, Amanda
245 ## - TITLE STATEMENT
Title Focus on mediation
Remainder of title March 2004 [sound recording]
260 ## - PUBLICATION, DISTRIBUTION, ETC.
Place of publication, distribution, etc. London
Name of publisher, distributor, etc. RICS
Date of publication, distribution, etc. 2004
300 ## - PHYSICAL DESCRIPTION
Extent 1 audio CD
350 ## - PRICE (NR) (BK AM CF MU VM SE) [OBSOLETE]
Price 15
490 ## - SERIES STATEMENT
Series statement RICS Soundtrack
520 ## - SUMMARY, ETC.
Summary, etc. Mediation is a cost-effective, assisted negotiation designed to resolve business disputes; it gives a good chance of avoiding lengthy and expensive litigation. This CD discusses a case study of a professional negligence dispute that was resolved through mediation. It also includes an overview of other dispute resolution processes and a legal update on recent cases affecting mediation.
650 ## - SUBJECT ADDED ENTRY--TOPICAL TERM
Topical term or geographic name entry element MEDIATION
650 ## - SUBJECT ADDED ENTRY--TOPICAL TERM
Topical term or geographic name entry element ALTERNATIVE DISPUTE RESOLUTION
650 ## - SUBJECT ADDED ENTRY--TOPICAL TERM
Topical term or geographic name entry element PROFESSIONAL NEGLIGENCE
690 ## - LOCAL SUBJECT ADDED ENTRY--TOPICAL TERM (OCLC, RLIN)
Topical term or geographic name as entry element Dispute resolution
9 (RLIN) 6236
700 ## - ADDED ENTRY--PERSONAL NAME
Personal name Goodlad, Grant
700 ## - ADDED ENTRY--PERSONAL NAME
Personal name Gunn, Jane
700 ## - ADDED ENTRY--PERSONAL NAME
Personal name Hanley, Yvonne
700 ## - ADDED ENTRY--PERSONAL NAME
Personal name Miles, David
700 ## - ADDED ENTRY--PERSONAL NAME
Personal name Richbell, David
700 ## - ADDED ENTRY--PERSONAL NAME
Personal name Rogers, Beverley Ann
700 ## - ADDED ENTRY--PERSONAL NAME
Personal name Roxborough, Iain
710 ## - ADDED ENTRY--CORPORATE NAME
Corporate name or jurisdiction name as entry element Royal Institution of Chartered Surveyors
9 (RLIN) 4900
710 ## - ADDED ENTRY--CORPORATE NAME
Corporate name or jurisdiction name as entry element Mediation and Training Alternatives
9 (RLIN) 4624
942 ## - ADDED ENTRY ELEMENTS (KOHA)
Suppress in OPAC 0
Holdings
Withdrawn status Lost status Source of classification or shelving scheme Damaged status Not for loan Home library Current library Shelving location Date acquired Total Checkouts Full call number Barcode Date last seen Date last checked out Copy number Price effective from Koha item type
    Dewey Decimal Classification     London London Enquiry desk 30/04/2004 12 BASEMENT 7 30069246 06/08/2019 25/02/2009 2 06/08/2019 Audio